Cytology and cytogenetics (Record no. 21158)

MARC details
000 -LEADER
fixed length control field 00363nam a2200145Ia 4500
082 ## - DEWEY DECIMAL CLASSIFICATION NUMBER
Classification number 576.3:575
Item number SWA
100 ## - MAIN ENTRY--AUTHOR NAME
Personal name SWANSON, Carl P
245 #0 - TITLE STATEMENT
Title Cytology and cytogenetics
260 ## - PUBLICATION, DISTRIBUTION, ETC. (IMPRINT)
Place of publication Bombay
Name of publisher Macmillan
Year of publication 1968
650 ## - SUBJECT ADDED ENTRY--TOPICAL TERM
Topical Term Chromosomal abberation
650 ## - SUBJECT ADDED ENTRY--TOPICAL TERM
Topical Term Cytology
650 ## - SUBJECT ADDED ENTRY--TOPICAL TERM
Topical Term Polyploidy
942 ## - ADDED ENTRY ELEMENTS (KOHA)
Koha item type Books
Holdings
Withdrawn status Lost status Damaged status Not for loan Home library Current library Date acquired Full call number Accession Number Koha item type
        RRII Library RRII Library 16/12/2021 576.3:575 SWA 01878 Books